| 000 | 00773nam a2200181Ia 4500 | ||
|---|---|---|---|
| 003 | LDD | ||
| 008 | 190117s9999 xx 000 0 und d | ||
| 020 | _c₹30 | ||
| 040 | _cLDD | ||
| 041 | _ahi | ||
| 082 | _a8H0.1 श63592हि | ||
| 100 | _aशर्मा, रमेश चन्द्र | ||
| 245 | 0 |
_aहिन्दी साहित्य _b सास्कृतिक आधार-भूमि (11वीं-13वीं शताब्दी) _cरमेश चन्द्र शर्मा |
|
| 246 |
_a Hindi sahitya _b sanskr |
||
| 260 |
_aअलीगढ़ | _bारत 1 _c1980 |
||
| 300 | _a176पृ. | ||
| 942 |
_2ddc _cH |
||
| 999 |
_c170942 _d170942 |
||